000 02474nam a2200445 c 4500
999 _c110176
_d110176
003 BLK
005 20250329154905.0
008 180409b bul|||||r ||||||| ||bul||
010 _aKNG00115499000
020 _a954-9964-61-2
040 _aBLK
041 _aBUL
_cBUL
080 _aМетоди на управление. Мениджмънт. Анализи, планиране, ръководство, сътрудничество, контрол, коопериране и др.
_b005.5
_z005.5
080 _aИкономическа психология. Икономическо поведение. Физиологични и психологични елементи. Интереси. Икономически дух
_b330.16
_z330.16
080 _aИндивиди. Личност. Белези на личността. - Социология на личността (Индивидите като елементарна съставна част от социалната структура
_b316.37
_z316.37
100 1 _aДракър, Питър Фердинанд
_eпърви автор
_965284
139 _aДракър, Питър Фердинанд
_bД 87
245 1 0 _aПодбрано от Дракър
_bНай-значимото от най-великия мениджърски мислител на нашето време
_cПитър Фердинанд Дракър; прев. от англ. Стою Керванбашиев.
257 _aUSA
260 _bКласика и Стил
_c2004
_fВ. Търново : Абагар
300 _a394 с.
_c22 см
380 _a0
490 1 _aДостъпно бизнес познание
500 _aОриг. загл. The Essential Drucker / Peter F. Drucker. - Офс. изд.
650 4 _aУправление и организация - теория
_9269078
650 4 _aУправленски труд
_9244358
650 4 _aИкономическо поведение
_9245306
650 4 _aЛичност и общество
_9243183
653 _aмениджмънт
653 _aуправление
653 _aстопанско управление
700 1 _aКерванбашиев, Стою
_eпрев. от англ.
_9374580
852 _aЦб 221167
856 4 _qpdf
856 4 _qpdf
942 _cKNG
_n0
_s1
_08
944 _aCR
_c12.10.2004
_k30575
_lМартин Енчев
944 _aED
_c15.12.2005
999 _d110176